| 000 | 00668nam a2200205 a 4500 | ||
|---|---|---|---|
| 003 | 0 | ||
| 005 | 20250219112343.0 | ||
| 008 | 110621s19uu xx 00 eng d | ||
| 050 |
_aPHS HN 90.V64 _b.K49 2011 |
||
| 100 | _aKim, Ho Shin. | ||
| 245 |
_aComminuty service and self fulfillment / _cKim Ho Shin. |
||
| 260 |
_aLas PiƱas City, Philippines : _bSouthville International School and Colleges, _c2011. |
||
| 300 |
_a41 pages : _billustrations ; _c28 cm. |
||
| 504 | _aIncludes bibliographical references. | ||
| 650 | _aPersonal fulfillment. | ||
| 650 | _aCommunity service. | ||
| 650 | _aVolunteer work. | ||
| 650 | _aSocial participation. | ||
| 942 |
_2lcc _cPASS |
||
| 999 |
_c98550 _d98550 |
||